[Event "New York Mayor's Cup"]
[Site "New York"]
[Date "2001.06.21"]
[Round "4"]
[White "Novikov, Igor A"]
[Black "Shahade, Gregory P"]
[Result "1-0"]
[WhiteElo "2596"]
[BlackElo "2458"]
[Annotator "Ftacnik,L"]
[PlyCount "74"]
[EventDate "2001.06.18"]
[EventType "tourn"]
[EventRounds "9"]
[EventCountry "USA"]
[EventCategory "10"]
[SourceTitle "CBM 084"]
[Source "ChessBase"]
[SourceDate "2001.09.13"]
[SourceVersion "1"]
[SourceVersionDate "2001.09.13"]
[SourceQuality "1"]

1. d4 Nf6 2. c4 e6 3. Nf3 b6 4. g3 Bb7 5. Bg2 Be7 6. O-O O-O 7. b3 d5 8. Nc3
Ne4 9. Bb2 Nxc3 10. Bxc3 Nd7 (10... c5 11. Qc2 Qc8 12. cxd5 exd5 13. Qb2 Bf6
14. Rac1 Na6 15. Rfd1 Qf5 16. Qc2 Qxc2 17. Rxc2 Rac8 18. Rdc1 c4 {0-1 Davis,
E-Large,P/Brighton/1980/ (43)}) 11. cxd5 Bxd5 12. Qc2 Nf6 13. Rfd1 Qc8 (13...
Be4 14. Qb2 Qd5 15. Bf1 Rad8 16. Nd2 Qg5 17. Nxe4 Nxe4 18. Be1 c5 19. Bg2 Nf6
20. dxc5 Bxc5 21. b4 Be7 22. Qb3 {1-0 Novikov,I-Jazbinsek,S/Ljubljana/1997/ 
(30)}) 14. Ne5 (14. Bf1 Qb7 $11) 14... Bxg2 15. Kxg2 Qb7+ 16. Kg1 (16. f3 c5
17. dxc5 Bxc5 $11) 16... c5 17. dxc5 Bxc5 18. b4 Be7 (18... Qe4 19. Qb2 Be7 20.
Nd7 Nxd7 21. Rxd7 Rfe8 22. Bxg7 $14) 19. b5 $1 {White is finding a way to
create at least some problems for his opponent.} Nd5 (19... a6 20. a4 Nd5 21.
Bd4 $14) 20. Bd4 Rac8 (20... Rfc8 21. Nc6 a6 22. Qb2 Bf8 23. a4 $14) 21. Nc6
Nb4 (21... a6 22. Qb2 Bf6 23. e4 Bxd4 24. Rxd4 $14) 22. Qb2 Nxc6 23. bxc6 Qxc6
(23... Rxc6 24. Bxg7 Rfc8 25. Bh8 Bf8 26. Rd2 Rc5 $11) 24. Bxg7 Rfd8 25. Bh8
Bf8 26. Bf6 Rd5 (26... Rxd1+ 27. Rxd1 Qe4 (27... Qc2 $2 28. Qxc2 Rxc2 29. Rd8
Rc7 30. Bb2 f5 31. Ba3 Rf7 32. Re8 $16) 28. f3 Qf5 29. Rd3 $14) 27. e3 Qd7 (
27... Rc5 28. Rd4 Qf3 29. Rf4 Qh5 30. Qd4 $14) 28. Qe2 Rc4 $2 {[%mdl 8192] The
open position of black's king was unpleasant, but this blunder loses exchange.}
(28... h6 29. e4 Rxd1+ 30. Rxd1 Qa4 31. Rd4 Qc6 32. Qg4+ Kh7 33. e5 $14) 29.
Bd4 $1 Rcxd4 (29... b5 30. Qg4+ $18) 30. Rxd4 Rxd4 31. exd4 Qxd4 32. Rd1 Qf6 (
32... Qc5 33. Rd7 Qc1+ 34. Qf1 Qxf1+ 35. Kxf1 a6 36. Ra7 a5 37. a4 $18) 33. Rd7
a5 34. Qg4+ Qg6 (34... Bg7 35. Rb7 $18) 35. Qd4 (35. Qxg6+ hxg6 36. a4 $16)
35... Qb1+ 36. Kg2 Qb4 (36... Qxa2 37. Qg4+ Kh8 38. Qf3 e5 39. Rxf7 $18) 37.
Qe3 Qc5 (37... Qc5 38. Qf3 f5 39. Ra7 $18) 1-0

[Event "RUS-chT 07th"]
[Site "Smolensk"]
[Date "2000.04.20"]
[Round "6"]
[White "Fominyh, Alexander"]
[Black "Chernyshov, Konstantin"]
[Result "0-1"]
[WhiteElo "2551"]
[BlackElo "2544"]
[Annotator "Ftacnik,L"]
[PlyCount "76"]
[EventDate "2000.04.15"]
[EventType "team-tourn"]
[EventRounds "11"]
[EventCountry "RUS"]
[SourceTitle "CBM 077"]
[Source "ChessBase"]
[SourceDate "2000.07.27"]
[SourceVersion "1"]
[SourceVersionDate "2000.07.27"]
[SourceQuality "1"]
[WhiteTeam "Novosibirsk Transsib"]
[BlackTeam "Voronezh OShK"]
[WhiteTeamCountry "RUS"]
[BlackTeamCountry "RUS"]

1. d4 Nf6 2. c4 e6 3. Nf3 b6 4. g3 Bb7 5. Bg2 Be7 6. O-O O-O 7. Nc3 Na6 8. a3
Ne4 9. Bd2 f5 10. b4 (10. d5 Bf6 11. Rc1 c5 $11) 10... Bf6 11. Rb1 (11. Rc1 c5
12. dxc5 bxc5 13. b5 Nc7 $11) 11... Nxc3 (11... c5 12. bxc5 Naxc5 $1 13. dxc5
Nxc3 14. Bxc3 Bxc3 15. Qd6 Bc6 $11) 12. Bxc3 Be4 13. Rb3 (13. Rc1 c6 $11) 13...
c6 $1 {[%mdl 32] Chernyshov plays the position in a novell and rather
unpleasant way for white. His white squared bishop is out on e4 , so he can
affor to build up with pawns on the squares of the same colour.} (13... c5 14.
dxc5 Bxc3 15. Rxc3 bxc5 16. Qd6 Qb6 17. Qxd7 cxb4 18. axb4 $14) 14. Bb2 (14. b5
$6 cxb5 15. cxb5 Nc7 $15) 14... Nc7 15. Bh3 (15. a4 b5 16. axb5 cxb5 17. c5 Nd5
18. e3 a5 $1 $15) 15... b5 $1 16. Nd2 (16. c5 Bd5 17. Rd3 a5 18. bxa5 Rxa5 19.
Qd2 Ra4 $15) 16... bxc4 17. Nxc4 (17. Nxe4 cxb3 18. Nxf6+ Qxf6 19. Qxb3 a5 $1
20. bxa5 Nd5 $19) 17... Bd5 18. Qd3 Qb8 19. Bg2 (19. f3 $5 Qb5 (19... f4 20.
gxf4 Nb5 21. f5 Nd6 22. Ne3 Bxb3 23. Qxb3 $14) 20. Rc1 Rfb8 21. e4 Bxc4 22.
Qxc4 fxe4 23. fxe4 a5 $1 $11) 19... Qb5 20. Rc1 (20. Bxd5 Nxd5 21. Rc1 Rfb8 22.
Qf3 Qa4 23. Rd3 a5 24. bxa5 Bd8 $15) 20... Rfb8 21. f3 a5 $1 {The initiave
clearly belongs to black pieces, white barely manages to hold all weaknesses.}
22. e4 (22. Nxa5 $2 Rxa5 $19) (22. e3 Na6) 22... Bxc4 23. Rxc4 (23. Qxc4 Qxc4
24. Rxc4 Be7 25. Bc1 axb4 26. axb4 Nb5 $17) 23... d5 $1 24. exd5 (24. Rc5 Qxd3
25. Rxd3 axb4 26. Rxc6 bxa3 27. Bxa3 Rb1+ 28. Kf2 Nb5 $17) 24... exd5 25. Rc5 (
25. Rcc3 axb4 26. axb4 Ne6 27. Qxb5 Bxd4+ 28. Kf1 cxb5 $17) 25... Qxd3 26. Rxd3
axb4 27. Rxc6 bxa3 28. Bxa3 (28. Rxa3 Rxb2 29. Rxa8+ Nxa8 30. Rc8+ Kf7 31. Rxa8
Bxd4+ 32. Kf1 Rf2+ $19) 28... Rb1+ 29. Bc1 (29. Kf2 Nb5 30. Bc5 Ra2+ $19) (29.
Rc1 Rxa3 30. Rxb1 Rxd3 31. Rb8+ Kf7 32. Rb7 Bxd4+ 33. Kf1 Rc3 $19) 29... Nb5 {
Black pieces are literally springing to life with powerful effect.} 30. f4 (30.
Kf2 Nxd4 31. Rxf6 gxf6 32. f4 Re8 33. Rxd4 Rxc1 34. Rxd5 Rc2+ 35. Kf1 Ree2 $19)
30... Bxd4+ 31. Kf1 (31. Rxd4 Nxd4 32. Bxd5+ Kf8 $19) 31... Raa1 32. Bxd5+ Kf8
33. Rd1 Bc3 (33... Nc3 $2 34. Rxd4 Rxc1+ 35. Kg2 $11) 34. Ke2 (34. Rc5 Rxc1 35.
Rxc1 Rxc1+ 36. Ke2 Rb1 37. Kd3 Bf6 $19) 34... Rxc1 35. Rxc1 Rxc1 36. Kd3 Bb2
37. Rb6 (37. Bc4 Rc3+ 38. Kd2 Bc1+ 39. Kd1 Nd4 $19) 37... Rd1+ 38. Kc4 Na3+ (
38... Na3+ 39. Kb3 Rxd5 40. Rb8+ Kf7 41. Kxb2 Rb5+ $19) 0-1

[Event "Capablanca Memorial Elite 39th"]
[Site "Havana"]
[Date "2004.05.19"]
[Round "11"]
[White "Ikonnikov, Vyacheslav"]
[Black "Quesada Perez, Yuniesky"]
[Result "1-0"]
[WhiteElo "2556"]
[BlackElo "2478"]
[Annotator "Ftacnik,L"]
[PlyCount "83"]
[EventDate "2004.05.06"]
[EventType "tourn"]
[EventRounds "11"]
[EventCountry "CUB"]
[EventCategory "13"]
[SourceTitle "CBM 101"]
[Source "ChessBase"]
[SourceDate "2004.07.27"]
[SourceVersion "1"]
[SourceVersionDate "2004.07.27"]
[SourceQuality "1"]

1. d4 Nf6 2. Nf3 e6 3. c4 b6 4. g3 Bb7 5. Bg2 Be7 6. O-O O-O 7. Nc3 Ne4 8. Bd2
Bf6 9. Rc1 d6 10. d5 Nxc3 11. Bxc3 Bxc3 12. Rxc3 e5 13. b4 a5 14. a3 Nd7 15. e4
{White enjoys more space while black can claim a "good" bishop, that is a bit
limited on b7.} Qe7 16. Ne1 c6 17. dxc6 (17. Nd3 axb4 18. axb4 Rfc8 $11) 17...
Bxc6 18. Nc2 Nf6 19. Qd3 Rfd8 (19... Qb7 20. f3 Qc7 21. Rd1 Rfd8 22. Ne3 axb4
23. axb4 Ra2 24. Rcc1 $14) 20. Ne3 axb4 21. axb4 g6 22. Nd5 Nxd5 (22... Bxd5
23. cxd5 Nd7 24. Bh3 $16) 23. cxd5 Bd7 24. Qe3 Rdb8 (24... b5 25. Rc7 Rdc8 26.
Rb7 $14) 25. Rfc1 Qd8 {Quezada seems to be suviving fine, despite active
posturing by white rooks.} (25... Ra4 26. Rc7 Rxb4 27. Qa3 Rd4 28. Qa7 Rd8 29.
Bh3 $16) 26. Bf1 (26. f4 Rc8 27. Rxc8 Rxc8 28. Rxc8 Bxc8 29. fxe5 dxe5 30. Qc3
f6 31. Qc4 $14) 26... Ra4 27. Rc7 $5 Rxb4 28. Qa3 Rxe4 29. Qxd6 Bf5 30. Qa3 (
30. Qe7 Qxe7 31. Rxe7 Rd8 32. Bg2 Kf8 33. Rcc7 Re1+ 34. Bf1 Bh3 35. Rxf7+ Kg8
36. Rg7+ Kf8 $11) 30... Ra8 (30... Rd4 31. Qa7 Ra8 32. Qxb6 Rxd5 33. Qe3 Ra1
34. Rxa1 Qxc7 $17) 31. Qb2 Rd4 32. Bg2 Rb8 (32... Raa4 33. h3 (33. Qxb6 Rac4
$19) 33... Rab4 34. Qc3 h5 $15) 33. h3 h5 34. Qa3 Rxd5 $5 {Black's only task
was to get rid of the dangerous d5 pawn and he adresses the task head on.} (
34... e4 35. Qa7 Ra8 36. Qb7 (36. Qxb6 Rxd5 $15) 36... Qxd5 37. Qxd5 Rxd5 38.
g4 hxg4 39. hxg4 Bxg4 (39... Kg7 40. gxf5 gxf5 41. Bf1 $14) 40. Bxe4 Rad8 $11)
35. Bxd5 Qxd5 36. Kh2 Ra8 37. Qe3 (37. Rd1 Rxa3 38. Rxd5 Ra2 39. Rxe5 Rxf2+ 40.
Kg1 Rb2 $11) 37... Ra2 38. Qxb6 Qf3 $4 {The greedy move by black, who must
have believed that white has gone too far.} (38... Qd4 $1 39. Qxd4 exd4 40. Kg2
Be4+ 41. Kg1 d3 42. Rd7 $11) 39. Qb8+ Kg7 40. Rxf7+ $1 Kh6 41. Qf8+ Kg5 42.
Qe7+ 1-0

[Event "Hastings 0304 79th"]
[Site "Hastings"]
[Date "2003.12.28"]
[Round "1"]
[White "Epishin, Vladimir"]
[Black "Lagno, Kateryna"]
[Result "1-0"]
[WhiteElo "2658"]
[BlackElo "2486"]
[Annotator "Ftacnik,L"]
[PlyCount "117"]
[EventDate "2003.12.28"]
[EventType "tourn"]
[EventRounds "9"]
[EventCountry "ENG"]
[EventCategory "13"]
[SourceTitle "CBM 099"]
[Source "ChessBase"]
[SourceDate "2004.03.30"]
[SourceVersion "1"]
[SourceVersionDate "2004.03.30"]
[SourceQuality "1"]

1. d4 Nf6 2. c4 e6 3. Nf3 b6 4. g3 Bb7 5. Bg2 Be7 6. Nc3 O-O 7. O-O Ne4 8. Bd2
f5 9. Re1 Bf6 10. Qc2 (10. e3 d6 11. Qc2 Nd7 12. Rad1 Qe7 13. d5 Nxc3 14. Bxc3
Bxc3 15. Qxc3 e5 16. b4 a5 17. a3 Qf6 {1/2-1/2 Funk,P-Schmidt,T/Stade 1992/ 
(41)}) 10... d6 11. Rad1 Nxc3 (11... Qe7 12. d5 Bxc3 13. Bxc3 Nd7 14. Bd4 Rae8
$13) 12. Bxc3 Be4 13. Qa4 {Epishin is well prepared for any activity in the
center, Lahno has yet to complete the development.} (13. Qd2 Qe7 14. d5 Bxc3
15. Qxc3 e5 $11) 13... Qe8 (13... c6 $6 14. Bh3 Qd7 15. Nd2 b5 16. Qa3 $16) 14.
Qxe8 Rxe8 15. Bh3 $5 Bb7 (15... Bxf3 16. exf3 Kf7 17. f4 $14) 16. Nd2 Nd7 (
16... c5 17. dxc5 Bxc3 18. bxc3 dxc5 19. e4 Rf8 20. exf5 exf5 21. Re7 Bc6 22.
Nb3 g5 23. Rd6 g4 24. Bg2 $14) 17. e4 g6 (17... c5 18. d5 (18. dxc5 Bxc3 19.
bxc3 Nxc5 20. exf5 exf5 21. Bxf5 Re5 22. Bc2 Rae8 $11) 18... Bxc3 19. bxc3 Nf6
20. dxe6 fxe4 21. Bf5 $14) 18. Bg2 Rab8 (18... c5 19. Nb1 (19. exf5 Bxg2 20.
fxe6 cxd4 21. Bb4 Bc6 22. exd7 Rxe1+ 23. Rxe1 Rd8 $11) 19... cxd4 20. Bxd4 Rad8
21. Nc3 $14) 19. f4 Kf7 20. e5 $1 {White's strategy has brought him space
advantage and access to black's forces.} Bxg2 (20... Bg7 21. d5 $1 dxe5 22.
fxe5 $16) 21. Kxg2 dxe5 (21... Be7 22. d5 dxe5 23. fxe5 $16) 22. fxe5 Bh8 (
22... Bg7 23. Nf3 h6 24. d5 $16) 23. d5 $1 h6 (23... exd5 $2 24. Nf3 Nc5 25.
cxd5 $16) 24. Nf3 Nc5 25. Nd4 a5 (25... exd5 26. Nc6 d4 27. Bxd4 Ra8 28. Bxc5
bxc5 29. Rd7+ Ke6 30. Rh7 a5 31. b3 $18) 26. dxe6+ Nxe6 27. Nc6 Rbc8 (27... Ra8
28. Rd7+ Kf8 29. b4 axb4 30. Bxb4+ Nc5 31. e6 $16) 28. Rd7+ Kf8 29. b4 $1 {
The knight on c6 completely paralyses black forces and white still has ways to
improve his position.} a4 (29... axb4 30. Bxb4+ Nc5 31. e6 Ra8 32. Bxc5+ bxc5
33. Rf7+ Kg8 34. Ne7+ $18) 30. Red1 Bg7 31. R1d5 Ra8 32. a3 (32. b5 Kg8 33. Bb4
$16) 32... Kg8 33. Ne7+ Kh7 34. Rd1 Rad8 35. Nc6 Rxd7 36. Rxd7 Kg8 (36... Kh8
37. Ne7 Kh7 38. h4 Rd8 39. Rxd8 Nxd8 40. h5 gxh5 41. Kf3 Ne6 42. Nxf5 Kg6 43.
Nh4+ Kf7 44. Ke4 $16) (36... h5 37. h4 Kh6 38. Kf3 Kh7 39. b5 Kh6 40. Bd2+ Kh7
41. Bf4 Kh8 42. Ne7 Kh7 43. Nd5 $18) (36... g5 37. Ne7 f4 38. Nf5 Kg6 39. Nxg7
Nxg7 40. Rxc7 $18) 37. Ne7+ Kh7 (37... Kf7 $2 38. Nxf5+ Kf8 39. Nxg7 Nxg7 40.
Rxc7 $18) 38. Nd5 Kh8 (38... Kg8 39. b5 Kh8 40. Nxc7 Nxc7 41. Rxc7 Bxe5 42.
Bxe5+ Rxe5 43. Rc6 $18) 39. Nxc7 {Epishin is impatient, it might have been
easier to fix the b6 pawn first with} (39. b5 $5 g5 40. Nf6 Rd8 41. Re7 Nc5 42.
Ne8 Ne4 43. Nxg7 Nxc3 44. Nxf5 $18) 39... Nxc7 40. Rxc7 Bxe5 41. Bxe5+ Rxe5 42.
Rc6 Re2+ (42... Kg7 43. Rxb6 $1 (43. Kf2 $6 Re4 44. c5 bxc5 45. Rxc5 Kf6 46.
Ra5 Rc4 47. Rxa4 Rc2+ 48. Ke3 Rxh2 49. Ra6+ Kg5 50. a4 $14) 43... Re3 44. Ra6
Rxa3 45. b5 Kf7 46. b6 Rb3 47. c5 a3 48. c6 $18) 43. Kf3 Rxh2 44. Rxg6 Rc2 (
44... Ra2 45. Rxh6+ Kg7 46. Rxb6 Rxa3+ 47. Kf4 $18) 45. Rxh6+ Kg7 46. Rc6 $1 {
The key move in this rook endgame, white pawns on b,c files will decide.} Rc3+
47. Kf4 Kf7 48. Kxf5 Rxg3 49. Rxb6 Ke7 (49... Rxa3 50. Rb7+ Ke8 51. c5 Rb3 52.
Ke6 Kd8 53. Kd6 Kc8 54. Kc6 a3 55. b5 Rh3 56. Rc7+ Kb8 57. Kb6 a2 58. Rb7+ Kc8
59. Ra7 $18) 50. Ke5 Kd7 51. Ra6 Rxa3 52. Kd5 Ra1 53. c5 a3 54. Ra7+ Kc8 55. b5
Kb8 56. b6 Rd1+ 57. Kc6 Rd3 58. Rh7 Rd8 59. Rb7+ 1-0

[Event "Bundesliga 0506"]
[Site "Germany"]
[Date "2005.10.23"]
[Round "2.5"]
[White "Dautov, Rustem"]
[Black "Schoeneberg, Manfred"]
[Result "1-0"]
[WhiteElo "2581"]
[BlackElo "2322"]
[Annotator "Ftacnik,L"]
[PlyCount "129"]
[EventDate "2005.10.21"]
[EventType "team-tourn"]
[EventRounds "15"]
[EventCountry "GER"]
[SourceTitle "CBM 110"]
[Source "ChessBase"]
[SourceDate "2006.01.31"]
[SourceVersion "1"]
[SourceVersionDate "2006.01.31"]
[SourceQuality "1"]
[WhiteTeam "Baden-Baden"]
[BlackTeam "Leipzig Gohlis"]
[WhiteTeamCountry "GER"]
[BlackTeamCountry "GER"]

1. d4 Nf6 2. c4 e6 3. Nf3 b6 4. g3 Bb7 5. Bg2 Bb4+ 6. Bd2 Be7 7. Nc3 O-O 8. O-O
d5 9. cxd5 exd5 10. Bf4 c5 11. dxc5 bxc5 12. Qb3 Qb6 13. Ne5 {White is rushing
to fight the hanging pawns by pressure with all his pieces.} (13. Rfd1 Na6 14.
Nh4 Qxb3 15. axb3 Rfd8 16. Nf5 Bf8 17. Nxd5 Nxd5 18. Bxd5 Rxd5 19. Rxd5 Bxd5
20. Rxa6 Bxb3 {0-1 Vanstreels,L-Tonoli,B/Worriken Buetgenbach 2004/ (36)})
13... Qxb3 (13... Rd8 14. Rfd1 Qxb3 15. axb3 Ne4 16. Nxe4 dxe4 17. Rxd8+ Bxd8
18. Nc4 Nd7 19. Nd6 Bd5 20. Nxe4 f5 21. Rd1 Bxe4 22. Bxe4 fxe4 23. Rxd7 Bf6 {
1/2-1/2 Sikanjic,B-Troselj,T/Pula 2001/ (28)}) 14. axb3 Na6 15. Nc4 $1 Nb4 16.
Nd6 Bc8 (16... Bxd6 17. Bxd6 Rfc8 18. Ra5 Nd7 19. Bh3 Rc6 20. Be7 d4 21. Na4 d3
22. exd3 Ne5 23. Bg2 Re8 24. Bxc5 Nbxd3 25. Bd4 {1-0 Oll,L-Handoko,E/Sydney
1991/ (42)}) 17. Nxc8 Rfxc8 $6 {It might have been more promissing not to
leave the rook under the fire by the bishop from g2.} (17... Raxc8 18. Rxa7
Rfe8 19. Rfa1 $14) 18. Rfd1 Rd8 19. Be5 (19. Bc7 Rd7 20. Ba5 Rb8 21. Bxb4 cxb4
22. Nxd5 Nxd5 23. Bxd5 Bf6 24. Rab1 Rc8 25. Rd2 $16) 19... Rd7 20. Bxf6 Bxf6
21. e4 {Dautov is afraid, that the nice advantage with opposite coloured
bishops might not be sufficient for win.} (21. Nxd5 Nxd5 22. Rxd5 Rxd5 23. Bxd5
Rd8 24. e4 Rd7 25. Rc1 $16) 21... Rb8 (21... Bd4 22. exd5 Kf8 23. Ra5 $16) 22.
exd5 Nc2 (22... Bd4 23. Ra5 Rbd8 24. Kf1 $16) 23. Ra5 $1 Nd4 (23... Rxb3 24.
Rxc5 Kf8 25. Ne4 Rxb2 26. d6 $18) 24. Rxc5 Nxb3 25. Rc4 (25. Rb5 Rxb5 26. Nxb5
a6 27. Nc3 $16) 25... Na5 26. Ra4 Rxb2 27. Bh3 $1 {[%mdl 2048] In the end the
material balance was reestablished, but white was left with dangerous passed
pawn and much better coordination of pieces.} (27. Ne4 Bd8 28. d6 Bb6 29. Bh3
$16) 27... Rd8 28. Ne4 Rb5 (28... Nb7 29. Nxf6+ gxf6 30. Rxa7 Nd6 31. Bd7 $16)
29. d6 Kf8 (29... Bb2 30. Bf1 Rf5 31. Rb1 $16) 30. Bf1 Rf5 31. f4 Nb7 (31... h5
32. Nxf6 gxf6 33. d7 $18) 32. Rxa7 Nc5 33. Ra5 (33. Bc4 Nd7 (33... Nxe4 34.
Rxf7+ Ke8 35. d7+ Rxd7 36. Rfxd7 $18) 34. Kg2 $16) 33... Nxe4 {This accepts
the defeat, black's last chance was to try defending the position without
bishop. dautov would have problems to win due to "wrong" corner h8.} (33...
Rxf4 $5 34. Nxf6 (34. Nxc5 Rd4 35. Rxd4 Bxd4+ 36. Kg2 Bxc5 37. Rxc5 Rxd6 $16) (
34. gxf4 Nxe4 35. d7 $16) 34... Rxf6 35. Rxc5 Rfxd6 36. Rxd6 Rxd6 $16) 34. Rxf5
Rxd6 35. Rxd6 Nxd6 36. Ra5 g6 37. Kg2 Nf5 38. Kf3 Kg7 39. Bc4 Nd4+ (39... h5
40. Ra7 Nd6 41. Bd5 Kf8 42. h3 Ke8 43. Bc6+ Kf8 44. Rd7 Be7 45. Bd5 Ke8 46. Rc7
$16) 40. Ke4 Nc6 41. Ra6 Ne7 42. g4 h6 43. Ra7 g5 (43... Kf8 44. Ra8+ Kg7 45.
Re8 Bh4 46. h3 f5+ (46... Bf6 47. Bb5 Bh4 48. Ke5 $18) 47. Ke5 $18) 44. f5 {
The rest is easy, white has to dance around with his king to break the
fortress.} Kf8 45. h3 Kg7 46. Bb3 Kf8 47. Rb7 Kg7 48. Ba2 Kf8 49. Bc4 Kg7 50.
Kd3 Kf8 51. Kc2 Kg7 52. Kb3 Kf8 53. Ka4 Kg7 54. Kb5 Kf8 55. Kc5 Be5 56. Bb3 Ke8
57. Bc4 Kf8 58. Ra7 Bf6 (58... Bd4+ 59. Kxd4 Nc6+ 60. Kc5 Nxa7 61. Ba6 Ke7 62.
Kb6 $18) 59. Ra8+ Kg7 60. Kd6 h5 61. Kd7 hxg4 62. hxg4 Ng8 63. Ke8 Nh6 64. Ra7
Nxg4 (64... Kh8 65. Bxf7 Nxg4 66. Bg6 $18) 65. Rxf7+ (65. Rxf7+ Kh8 66. Be2 $18
) 1-0

[Event "Nord West Cup 12th"]
[Site "Bad Zwischenahn"]
[Date "2010.02.21"]
[Round "7"]
[White "Teske, Henrik"]
[Black "Nyzhnyk, Illya"]
[Result "1-0"]
[WhiteElo "2547"]
[BlackElo "2495"]
[Annotator "Gutman,L"]
[PlyCount "81"]
[EventDate "2010.02.18"]
[EventType "swiss"]
[EventRounds "7"]
[EventCountry "GER"]
[SourceTitle "EXT 2011"]
[Source "ChessBase"]
[SourceDate "2010.11.26"]
[SourceVersion "1"]
[SourceVersionDate "2010.11.26"]
[SourceQuality "1"]

1. Nf3 Nf6 2. c4 e6 3. g3 b6 4. Bg2 Bb7 5. O-O Be7 6. Nc3 O-O 7. d4 d5 ({
Die klassische Erwiderung ist} 7... Ne4) 8. cxd5 Nxd5 9. Nxd5 Bxd5 ({Schwarz
wählt für die entscheidende Partie der letzten Runde überraschenderweise eine
ziemlich schwierige Variante. In Andersson-Karpov, Bad Lauterberg 1977, folgte
solider} 9... exd5 10. Bf4 Nd7 11. Rc1 c5) 10. Qc2 Nd7 11. Rd1 Rc8 12. e4 Bb7
13. Bf4 Nf6 14. Ne5 Qe8 $5 ({Ein neuer Versuch die Variante zu rehabilitieren.
Nach} 14... c5 15. d5 exd5 16. exd5 Bd6 17. Nc6 Qd7 18. Bxd6 Qxd6 19. Nxa7 $16
{gewann Weiß leicht in Kachiani-Jahn, Dresden 1994.}) 15. Rac1 Bd6 $6 ({
Völlig inkonsequent gespielt. Die Idee des letzten Zuges liegt in} 15... c5 $5
16. d5 Bd6 {, und jetzt} 17. dxe6 (17. Ng4 Bxf4 18. Nxf6+ gxf6 19. gxf4 exd5
20. exd5 Qd7 21. Rd3 Kh8 22. Rh3 f5 23. Rh5 Rce8 24. Rxf5 f6 25. Bf3 Re7 26.
Rh5 Rfe8 27. h3 Ba6 28. Qc3 Qd6 {mit genügend Gegenspiel}) 17... Bxe5 18. Bxe5
Qxe6 19. Bxf6 gxf6 20. f3 ({oder} 20. Qa4 Rc7 21. a3 Bc6 22. Qc2 Rcc8 23. b4
cxb4 24. axb4 a5 25. bxa5 bxa5) 20... Rcd8 21. a3 Ba6 22. b4 cxb4 23. axb4 Bb5
$11 {und Schwarz kann sich verteidigen.}) 16. Bg5 Bxe5 17. dxe5 Nd7 18. Qa4 Nc5
({Auf} 18... Nxe5 {käme} 19. Qxa7 Bc6 20. Bf4 f6 21. Bxe5 fxe5 22. f3 $16 {
mit Vorteil für Weiß.}) 19. Qxe8 Rfxe8 20. Be3 Na6 21. Bf1 Nb8 22. Bb5 c6 ({
Nach} 22... Rf8 $5 23. f3 Ba6 24. Bxa6 Nxa6 25. Rc4 Nb8 26. b4 c6 27. a4 Rc7
28. a5 Nd7 29. f4 bxa5 30. bxa5 c5 31. Rb1 Rd8 $14 {konnte Schwarz durch
Abtausch der Läufer den Druck etwas vermindern .}) 23. Ba4 Kf8 $2 ({Der
entscheidende Fehler. Notwendig war} 23... Red8 $5 24. Rd6 c5 25. Rcd1 Rxd6 26.
exd6 Bc6 27. Bc2 Kf8 28. f4 $14 {mit Plus für Weiß.}) 24. Rd6 Red8 25. b4 $1 h6
26. f4 Ke7 27. Rcd1 Nd7 28. Kf2 Rc7 29. h4 Ra8 30. Bb3 c5 31. Ba4 Nf8 32. bxc5
bxc5 33. Bc2 Nd7 34. Bd2 Bc6 35. Bc3 Rb8 36. f5 c4 37. Ke3 exf5 $2 38. exf5 Nb6
39. f6+ gxf6 40. exf6+ Ke8 41. Be5 1-0